Shockwave / (Record no. 60009)
[ view plain ]
| 000 -LEADER | |
|---|---|
| fixed length control field | 02789nam a22003617a 4500 |
| 005 - DATE AND TIME OF LATEST TRANSACTION | |
| control field | 20111227105158.0 |
| 010 ## - LCCN (DPL NO) | |
| LC control number | B-482838-849 |
| 020 ## - INTERNATIONAL STANDARD BOOK NUMBER | |
| International Standard Book Number | 9788128624124 |
| 035 ## - SYSTEM CONTROL NUMBER | |
| System control number | B-482838-849 |
| 037 ## - SOURCE OF ACQUISITION | |
| Source of stock number/acquisition | Blue Berry/Ven |
| 082 ## - DEWEY DECIMAL CLASSIFICATION NUMBER | |
| Classification number | S |
| 100 ## - MAIN ENTRY--PERSONAL NAME | |
| Personal name | Larry, H.I. |
| 245 ## - TITLE STATEMENT | |
| Title | Shockwave / |
| Statement of responsibility, etc | by H.I. Larry; illustrated by Dan McDonal |
| 260 ## - PUBLICATION, DISTRIBUTION, ETC. (IMPRINT) | |
| Place of publication, distribution, etc | Mumbai |
| Name of publisher, distributor, etc | Euro Books |
| Date of publication, distribution, etc | 2007 |
| 270 ## - ADDRESS | |
| Address | Dani Corporat e Park, First Floor, 158, Vidyanagari Marg, Kalina, Santacruz |
| City | Mumbai |
| Postal code | 400098 |
| 300 ## - PHYSICAL DESCRIPTION | |
| Extent | 89p. |
| Other physical details | ill. |
| Dimensions | 20cm(pbk) |
| 490 ## - SERIES STATEMENT | |
| Series statement | Zac power: |
| Volume number/sequential designation | 24 hours to save the world...and clean his room |
| -- | 53511 |
| 700 ## - ADDED ENTRY--PERSONAL NAME | |
| Personal name | McDonal, Dan |
| 9 (RLIN) | 37638 |
| 942 ## - ADDED ENTRY ELEMENTS (KOHA) | |
| Source of classification or shelving scheme | Dewey Decimal Classification |
| Item type | Children Books |
| Call number suffix | LAR |
| Classification part | S |
| Withdrawn status | Lost status | Not for loan | Collection code | Home library | Current library | Date acquired | Source of acquisition | Cost, normal purchase price | Full call number | Barcode | Copy number | Cost, replacement price | Koha item type |
|---|---|---|---|---|---|---|---|---|---|---|---|---|---|
| Fiction | Bagh Kadhe Khan | Bagh Kadhe Khan | 01/11/2012 | Blueberry/IN8553/26.4.12/43/20.03.12/19.06.12 | 95.00 | S LAR | B-482847 | 1 | 95.00 | Children Books | |||
| Fiction | Bawana | Bawana | 01/11/2012 | Blueberry/IN8553/26.4.12/43/20.03.12/19.06.12 | 95.00 | S LAR | B-482845 | 1 | 95.00 | Children Books | |||
| Fiction | Bawana | Bawana | 01/11/2012 | Blueberry/IN8553/26.4.12/43/20.03.12/19.06.12 | 95.00 | S LAR | B-482849 | 1 | 95.00 | Children Books | |||
| Fiction | Central Jail Tihar | Central Jail Tihar | 01/11/2012 | Blueberry/IN8553/26.4.12/43/20.03.12/19.06.12 | 95.00 | S LAR | B-482843 | 1 | 95.00 | Children Books | |||
| Fiction | Central Library | Central Library | 01/11/2012 | Blueberry/IN8553/26.4.12/43/20.03.12/19.06.12 | 95.00 | S LAR | B-482838 | 1 | 95.00 | Children Books | |||
| Fiction | Janak Puri | Janak Puri | 01/11/2012 | Blueberry/IN8553/26.4.12/43/20.03.12/19.06.12 | 95.00 | S LAR | B-482844 | 1 | 95.00 | Children Books | |||
| Fiction | Kasturba Gandhi Marg | Kasturba Gandhi Marg | 01/11/2012 | Blueberry/IN8553/26.4.12/43/20.03.12/19.06.12 | 95.00 | S LAR | B-482840 | 1 | 95.00 | Children Books | |||
| Fiction | Narela | Narela | 01/11/2012 | Blueberry/IN8553/26.4.12/43/20.03.12/19.06.12 | 95.00 | S LAR | B-482848 | 1 | 95.00 | Children Books | |||
| Fiction | New Rohtak Road | New Rohtak Road | 01/11/2012 | Blueberry/IN8553/26.4.12/43/20.03.12/19.06.12 | 95.00 | S LAR | B-482846 | 1 | 95.00 | Children Books | |||
| Fiction | Patel Nagar | Patel Nagar | 01/11/2012 | Blueberry/IN8553/26.4.12/43/20.03.12/19.06.12 | 95.00 | S LAR | B-482839 | 1 | 95.00 | Children Books | |||
| Fiction | Peshwa Road | Peshwa Road | 01/11/2012 | Blueberry/IN8553/26.4.12/43/20.03.12/19.06.12 | 95.00 | S LAR | B-482841 | 1 | 95.00 | Children Books | |||
| Fiction | Tri Nagar | Tri Nagar | 01/11/2012 | Blueberry/IN8553/26.4.12/43/20.03.12/19.06.12 | 95.00 | S LAR | B-482842 | 1 | 95.00 | Children Books |
